El sarape, una tradición centenaria (Record no. 7010)

MARC details
000 -CABECERA
campo de control de longitud fija 00921nam a2200229 a 4500
001 - NÚMERO DE CONTROL
campo de control BRCA_7334
005 - FECHA Y HORA DE LA ÚLTIMA TRANSACCIÓN
campo de control 20190320205810.0
008 - DATOS DE LONGITUD FIJA--INFORMACIÓN GENERAL
campo de control de longitud fija 240812s2011----mx-a######---#000-0#spa-#
020 ## - NÚMERO INTERNACIONAL ESTÁNDAR DEL LIBRO
Número Internacional Estándar del Libro 9786079556914
041 ## - CÓDIGO DE LENGUA
Código de lengua del texto/banda sonora o título independiente spa
044 ## - CÓDIGO DEL PAÍS DE LA ENTIDAD EDITORA/PRODUCTORA
Código MARC del país mx
050 #4 - SIGNATURA TOPOGRÁFICA DE LA BIBLIOTECA DEL CONGRESO
Número de clasificación NK844
Número de documento/Ítem .S27 2011
245 10 - MENCIÓN DE TÍTULO
Título El sarape, una tradición centenaria
Resto del título 1er. Seminario Nacional de Tejedores, Productores e Investigadores del Sarape : memoria
Mención de responsabilidad, etc. coordinación, introducción y notas Martha Turok W.
260 ## - PUBLICACIÓN, DISTRIBUCIÓN, ETC.
Lugar de publicación, distribución, etc. México
Nombre del editor, distribuidor, etc. Instituto Coahuilense de Cultura
Fecha de publicación, distribución, etc. c2011
300 ## - DESCRIPCIÓN FÍSICA
Extensión 226 p.
Otras características físicas il. (algunas a color)
Dimensiones 22 cm.
500 ## - NOTA GENERAL
Nota general Incluye imágenes del seminario
500 ## - NOTA GENERAL
Nota general La biblioteca cuenta con 3 ejemplares: 2do ej. en Fondo Ruth Lechuga y 3er ej. en el Área de Investigación
504 ## - NOTA DE BIBLIOGRAFÍA, ETC.
Nota de bibliografía, etc. Incluye referencias bibliográficas
650 14 - PUNTO DE ACCESO ADICIONAL DE MATERIA--TÉRMINO DE MATERIA
Término de materia o nombre geográfico como elemento de entrada Sarapes
Subdivisión de forma Congresos
Subdivisión geográfica México
9 (RLIN) 18135
700 1# - PUNTO DE ACCESO ADICIONAL--NOMBRE DE PERSONA
Nombre de persona Turok W., Martha
Término indicativo de función/relación coord.
9 (RLIN) 18136
942 ## - ELEMENTOS DE PUNTO DE ACCESO ADICIONAL (KOHA)
Fuente del sistema de clasificación o colocación Library of Congress Classification
Tipo de ítem Koha Libros
Holdings
Estado de retiro Estado de pérdida Estado dañado No para préstamo Localización permanente Ubicación/localización actual Fecha de adquisición Total de préstamos Signatura topográfica completa Código de barras Fecha visto por última vez Precio válido a partir de Tipo de ítem Koha Código de colección
El ejemplar forma parte de la colección y puede ser consultado según las políticas vigentes.       Biblioteca del Museo Franz Mayer (Rogerio Casas-Alatriste) Biblioteca del Museo Franz Mayer (Rogerio Casas-Alatriste) 24/08/2012   NK844 .S27 2011 00673 22/03/2019 22/03/2019 Libros  
El ejemplar forma parte de la colección y puede ser consultado según las políticas vigentes.       Biblioteca del Museo Franz Mayer (Rogerio Casas-Alatriste) Biblioteca del Museo Franz Mayer (Rogerio Casas-Alatriste) 13/03/2013   NK844 .S27 2011 02722 22/03/2019 22/03/2019 Libros Acervo General